Statistics for The Amazing Devil, Marbles - Finish the lyric quiz

Click here to take the quiz!

General Stats

  • This quiz has been taken 46 times
  • The average score is 60 of 69

Answer Stats

textAnswer% Correct
You used to buy me ___ (still do)scotch
100%
I've held your hand ___ 1979since
100%
You were in __ ___(still am)a band
97%
You stole the best years of my life ( I'll ___ them back)give
97%
You couldn't __ thenlie
97%
yeah, but now too much is ___ ____never enough
97%
And, oh God, I ___ didreally
97%
I'm scared of the ___dark
94%
Saying, "I don't ___, but I'm hereknow
94%
And for some reason you painted the kitchen ___ ___lime green
94%
Knowing where my _____ wentmarbles
94%
Knowing where my _____ wentmarbles
94%
Knowing where my _____marbles
94%
Was a _____ for my queenpalace
94%
What's the ___ anymorepoint
94%
The flat we _____rented
94%
She sang do you thing I'm __sexy
94%
But a place for crows __ ___ ___ ___to rest their feet
94%
But a place for crows __ ___ ___ ___to rest their feet
94%
But a place for crows __ ___ ___ ___to rest their feet
94%
You got __fat
91%
And I'd sink to the ___floor
91%
With a ___ in your eye (with a drink in your hand)glint
91%
dear ___, don't cry"heart
91%
Swear to you and to God I will _____ them allmurder
91%
Rest my head at __ contentnight
91%
Rest my head at __ contentnight
91%
Rest my head at __ contentnight
91%
And I will __ (I will __)wait
91%
And I will __ and hopewait
91%
And I will __ (I will __) and hopewait
91%
And I will __ (I will __ and)wait
91%
'Cause I will __ (I will __) and hopewait
91%
And I will __ (I will __) and hopewait
91%
And I will __ and hopewait
91%
And I will __wait
91%
'Cause I will __ (I will __) and hopewait
91%
I will __wait
91%
I've loved you for _ _____ yearsa hundred
89%
Oh, if one more guy calls me _____ then Idarling
89%
You're not ____, darlingflawed
89%
All the bastards applaud when I show that I'm ____flawed
89%
'Cause now I get to meet you __ __ ___ ___ every single dayfor the first time
89%
Certainly _____ feels like itfucking
89%
And these ________ wont staymemories
89%
Yeah, but back then you had hair and your smile was so _____sublime
89%
And you ___ __ ___ can’t lie to me nowsure as hell
89%
And you're the ___ ___ ______ I just can't stop staring atthigh high hemline
89%
You're just a little ____ ________under rehearsed
89%
And I _____ my teeth on every joke you crackedchipped
86%
That's ___okay
86%
You're eyes aren't ___ there to weeprivers
86%
You're eyes aren't ___ there to weeprivers
86%
Your eyes aren't ____ there to weeprivers
86%
To ___ __ ___ to that dance halltake me back
86%
Where you got ___ __ cause they thought you were drunk (i wasn't)thrown out
86%
If by palace you mean that ______ and beans from a tinasbestos
83%
And the gin that we brewed in the _______bathtub
83%
The _____ of my life began to pourcolours
80%
And I will wait and ___hope
77%
And I will wait and ___hope
77%
And you, you'd ____reply
77%
working ___ 'til we criedshifts
74%
The _____ I met youminute
69%
And now, even though you're __mad
66%
And I'd __ inget
63%
You'd ___sigh
54%
You'd ___swoon
54%
I'm all yours (Oh, dear __God
51%

Score Distribution

Percentile by Number Answered

Percent of People with Each Score

Your Score History

You have not taken this quiz